| 000 | 00000cas 2200000zi 4500 |
| 001 | 9.913863 |
| 003 | CaOODSP |
| 005 | 20251211101943 |
| 006 | m o d f |
| 007 | cr ||||||||||| |
| 008 | 220727c20139999mbcar p o f0###b0fre|d |
| 040 | |aCaOODSP|bfre|erda|cCaOODSP |
| 043 | |an-cn--- |
| 086 | 1 |aNM102-1F-PDF |
| 110 | 2 |aMusée canadien pour les droits de la personne.|eauteur,|eorganisme de publication. |
| 245 | 10|aSommaire du plan d’entrerprise de … à … budgets de fonctionnement et d’immobilisations …. / |cMusée canadien pour les droits de la personne. |
| 246 | 13|aSommaire du plan d’entrerprise de … à … et des budgets de fonctionnement et d’immobilisations de …. |
| 264 | 1|a[Winnipeg, Manitoba] : |bCanadian Museum for Human Rights = Musée canadien pour les droits de la personne, |c[2013]- |
| 310 | |aAnnuel |
| 336 | |atexte|btxt|2rdacontent/fre |
| 337 | |ainformatique|bc|2rdamedia/fre |
| 338 | |aressource en ligne|bcr|2rdacarrier/fre |
| 362 | 1 |aParaît depuis : 2013/14-2017/18. |
| 500 | |aPublié aussi en anglais sous le titre : Summary corporate plan ... to ... operating and capital budgets ... . |
| 588 | |aDescription d'après : 2013/14-2017/18. |
| 588 | |aDernière livraison consultée : 2021/22-2025/26. |
| 610 | 26|aMusée canadien pour les droits de la personne|xCrédits budgétaires et dépenses|vPériodiques. |
| 655 | 7|aPériodiques|2rvmgf |
| 775 | 08|tSummary of corporate plan and operating and capital budgets ... to ... / |w(CaOODSP)9.913828 |
| 780 | 00|tSommaire du plan d'affaires et des budgets d'opérations et de capitalisation pour ... à ... / |w(CaOODSP)9.913851 |